| 000 | 00769nam a2200277Ia 4500 | ||
|---|---|---|---|
| 001 | dia_1047 | ||
| 003 | CHAP | ||
| 005 | 20230718132922.0 | ||
| 008 | 220117s1994 xx 000 0 und d | ||
| 010 | _a171595 | ||
| 020 | _a0-7514-0018-1 | ||
| 040 | _cCHAP | ||
| 082 | _a338.4766 H3 | ||
| 100 |
_aHeaton, Alan ed. _9149883 |
||
| 245 |
_aThe Chemical Industry / _c by Alan Heaton |
||
| 250 | _a2 | ||
| 260 |
_aNew York, USA : _b Editorial Blackie Academic & Profesional, _c1994 |
||
| 300 | _a383 p. | ||
| 503 | _aI.174917 | ||
| 650 |
_a1.Industria quĂmica _9149884 |
||
| 650 | 0 |
_aIndustria farmacéutica _9149885 |
|
| 901 | _a338.4766 H3 | ||
| 902 | _aM | ||
| 905 | _a0000001994 -USA 0000000000ENG00 | ||
| 942 |
_cLIBRO _2ddc |
||
| 999 |
_c171595 _d171595 |
||